Občanská nauka pro 2. ročník tříletých učebních oborů.

Uložené v:
Podrobná bibliografia
Hlavný autor: Fraěk, Rudolf
Médium: Kniha
Jazyk:Slovak
Vydané: Praha, 1981.
Fyzický popis: 159 s.
Tagy: Pridať tag
Žiadne tagy, Buďte prvý kto otaguje tento záznam!

MARC

LEADER 00000nam a22000004a 4500
001 000617110
005 20190523092117.0
008 190523s1981 xo e 000 0 slo d
040 |a SVKKK  |b slo  |c SVKKK  |e AACR2 
100 1 |a Fraěk, Rudolf 
245 1 0 |a Občanská nauka pro 2. ročník tříletých učebních oborů. 
260 |a Praha,  |c 1981. 
300 |a 159 s. 
500 |a Záznam revízie 
910 |a svkkk 
998 |a BK 
090 |g SCKHL  |k Sklad Hlavná 10 suterén  |a I.52372  |j 634929  |i 2720802869  |s Povinný výt.